[Event "Moscow Open A 2015"]
[Site "Moscow RUS"]
[Date "2015.02.04"]
[Round "5.109"]
[White "Urazayev, Arystanbek"]
[Black "Mezentsev, Ivan"]
[Result "0-1"]
[WhiteElo "2205"]
[BlackElo "2078"]
[WhiteFideId "13709810"]
[BlackFideId "13706195"]
[EventDate "2015.01.31"]

1. e4 Nf6 2. e5 Nd5 3. Nc3 Nxc3 4. dxc3 d6 5. Nf3 Bf5 6. Nd4 Bc8 7. e6 Bxe6 8.
Nxe6 fxe6 9. Qh5+ Kd7 10. Bc4 d5 11. Bf4 Nc6 12. O-O-O Qe8 13. Qh3 Qf7 14. Bxd5
Qxf4+ 15. Kb1 Ke8 16. Bxe6 g6 17. Bc8 Rb8 18. Rd3 Ne5 19. Rd5 Bg7 20. Rhd1 Qf6
21. Rd8+ Kf7 22. Rxh8 Bxh8 23. Rd8 Kg7 24. a3 e6 25. Re8 Qf7 26. Rxe6 Rxc8 27.
Rxe5 Re8 28. Rxe8 Qxe8 29. Qe3 c6 30. h4 h5 31. Qf4 a6 32. f3 Qf7 33. Qe4 Qd7
34. Qe5+ Kh7 35. Qb8 Bf6 36. Qf4 Qe7 37. g3 a5 38. Ka2 Be5 0-1

[Event "Moscow Open A 2015"]
[Site "Moscow RUS"]
[Date "2015.02.04"]
[Round "5.110"]
[White "Dzhaumutbaev, Erzhan"]
[Black "Taalaibekov, Tagir"]
[Result "1-0"]
[WhiteElo "2190"]
[BlackElo "2037"]
[WhiteFideId "4191110"]
[BlackFideId "13801163"]
[EventDate "2015.01.31"]

1. d4 Nf6 2. c4 e6 3. Nf3 b6 4. a3 Bb7 5. g3 c5 6. Bg2 cxd4 7. Qxd4 Bc5 8. Qh4
Be7 9. Nc3 d5 10. Bg5 dxc4 11. O-O O-O 12. Rfd1 Qc8 13. Rd4 Nbd7 14. Rxc4 Qb8
15. Rd1 Rd8 16. Bf4 e5 17. Rxd7 Rxd7 18. Nxe5 Qd8 19. Nxd7 Nxd7 20. Qh3 Bxg2 21.
Kxg2 Nc5 22. Qf5 Ne6 23. Be5 b5 24. Nxb5 Qd5+ 25. Qe4 Rd8 26. Nc3 Qd2 27. h4
Qxb2 28. Nd5 Qxa3 29. Rc3 1-0

[Event "Moscow Open A 2015"]
[Site "Moscow RUS"]
[Date "2015.02.04"]
[Round "5.112"]
[White "Abelyan, Murad"]
[Black "Amangeldiyev, Gurbangeldi, "]
[Result "0-1"]
[WhiteElo "1712"]
[BlackElo "2153"]
[WhiteFideId "346489"]
[BlackFideId "14002302"]
[EventDate "2015.01.31"]

1. e4 e6 2. d4 b6 3. a3 Bb7 4. Nc3 Nf6 5. Bd3 c5 6. Bf4 a6 7. Nf3 b5 8. dxc5
Bxc5 9. b4 Be7 10. O-O O-O 11. Re1 d6 12. a4 bxa4 13. Nxa4 Nbd7 14. c3 e5 15.
Bg3 g6 16. Nb2 Nh5 17. Nc4 Nxg3 18. hxg3 Qc7 19. Kh2 Kg7 20. Qd2 h5 21. Rh1 Nf6
22. Rae1 Rae8 23. Ng5 Bc6 24. Na5 Bd7 25. c4 Qb6 26. Kg1 Rb8 27. Rb1 Ng4 28. Kf1
Bxg5 29. f4 exf4 30. gxf4 Ne3+ 31. Ke2 Bg4+ 32. Ke1 0-1

[Event "Moscow Open A 2015"]
[Site "Moscow RUS"]
[Date "2015.02.04"]
[Round "5.113"]
[White "Mischeryakov, Alexey"]
[Black "Rozanov, Pavel B."]
[Result "0-1"]
[BlackTitle "FM"]
[WhiteElo "1911"]
[BlackElo "2241"]
[WhiteFideId "34156434"]
[BlackFideId "4129270"]
[EventDate "2015.01.31"]

1. e4 c5 2. Nf3 Nf6 3. Nc3 d5 4. e5 Nfd7 5. Bb5 a6 6. Bxd7+ Nxd7 7. O-O e6 8.
Ne2 d4 9. d3 Nb6 10. c3 dxc3 11. bxc3 Nd5 12. a3 Qc7 13. c4 Ne7 14. Ng3 Nc6 15.
Bb2 Bd7 16. Ne4 O-O-O 17. Qc2 Be8 18. Rab1 Be7 19. Bc3 Rd7 20. Rb3 Rf8 21. Rfb1
Qb8 22. Rb6 Qa7 23. Qb2 Nb4 24. Rd6 Nc6 25. Rxd7 Bxd7 26. Nd6+ Bxd6 27. exd6 f6
28. d4 cxd4 29. Nxd4 e5 30. Nxc6 Bxc6 31. Qb4 Kd7 32. c5 h5 33. f4 e4 34. f5 Qb8
35. Qb3 Qe8 36. Qb6 Qd8 37. Qb3 Kc8 38. Bd2 Qd7 39. Qb6 Qd8 40. Qa7 Rf7 41. Rb6
Kd7 42. Ba5 Qc8 43. Rxa6 Bb5 44. c6+ Bxc6 45. Rb6 Ke8 46. Rb1 b6 0-1

[Event "Moscow Open A 2015"]
[Site "Moscow RUS"]
[Date "2015.02.04"]
[Round "5.114"]
[White "Tukubayev, K"]
[Black "Gurvich, Vitaly"]
[Result "1-0"]
[WhiteElo "2157"]
[BlackElo "2216"]
[WhiteFideId "13708147"]
[BlackFideId "24164852"]
[EventDate "2015.01.31"]

1. d4 Nf6 2. c4 g6 3. Nc3 Bg7 4. e4 d6 5. Nf3 O-O 6. Be2 Bg4 7. Be3 Nfd7 8. O-O
c5 9. d5 Na6 10. Qd2 Re8 11. h3 Bxf3 12. Bxf3 Nc7 13. Be2 e6 14. dxe6 Nxe6 15.
Nb5 Nd4 16. Bxd4 Bxd4 17. Nxd4 cxd4 18. Qxd4 Nc5 19. Bf3 Ne6 20. Qd3 Qf6 21. b4
Rad8 22. g3 a5 23. a3 Ra8 24. Rab1 axb4 25. axb4 Ra2 26. Bg2 Qe5 27. Rfd1 Qf6
28. Rd2 Rxd2 29. Qxd2 Qe5 30. Rd1 Rd8 31. h4 h5 32. Qc2 b5 33. f4 Qf6 34. cxb5
Qe7 35. Kh2 Rb8 36. Bf1 Nxf4 37. Qd2 Ne6 38. Qxd6 Qa7 39. Qe5 Rc8 40. Qb2 Qe3
41. Qd2 Qa3 42. Rc1 Rd8 43. Qc3 Qa2+ 44. Rc2 Qa7 45. Rd2 Rb8 46. Bh3 Qb6 47. Qf6
Nf8 48. Qxb6 Rxb6 49. Rd5 Kg7 50. e5 f6 51. Kg1 fxe5 52. Rxe5 Nh7 53. Kf2 Nf6
54. Ke3 Rd6 55. Re7+ Kf8 56. Re6 Rxe6+ 57. Bxe6 Ke7 58. Bb3 Nd7 59. Kd4 Kd6 60.
Bf7 Ne5 61. Be8 g5 62. Bxh5 gxh4 63. gxh4 1-0

[Event "Moscow Open A 2015"]
[Site "Moscow RUS"]
[Date "2015.02.04"]
[Round "5.115"]
[White "Safonov, Nikita"]
[Black "Maksimov, Dmitri"]
[Result "0-1"]
[WhiteElo "2080"]
[BlackElo "2204"]
[WhiteFideId "24153281"]
[BlackFideId "24162477"]
[EventDate "2015.01.31"]

1. e4 c5 2. b3 Nc6 3. Bb2 d6 4. Bb5 Bd7 5. f4 Nf6 6. Qe2 a6 7. Bxc6 Bxc6 8. d3
e6 9. Nf3 Be7 10. Nbd2 d5 11. O-O dxe4 12. dxe4 O-O 13. c4 Qc7 14. e5 Nd7 15.
Rad1 Rfd8 16. Ne4 Nf8 17. h4 Rxd1 18. Rxd1 Rd8 19. Rd3 Ng6 20. g3 Rxd3 21. Qxd3
Qd8 22. Qxd8+ Bxd8 23. Nfd2 b6 24. Kf2 h5 25. Nd6 f6 26. N2e4 fxe5 27. fxe5 Kf8
28. a4 a5 29. Ke3 Ke7 30. Ng5 Kd7 31. Nh3 Nf8 32. Nf4 g5 33. hxg5 Bxg5 34. Nf7
Bxf4+ 35. Kxf4 Ng6+ 36. Ke3 Ne7 37. Nd6 Nf5+ 38. Nxf5 exf5 39. Bc3 Be4 40. Kd2
f4 41. gxf4 h4 42. f5 Bxf5 43. Ke3 Bc2 44. Be1 h3 45. Bg3 Bxb3 46. Kf2 Bxc4 47.
e6+ Bxe6 0-1

[Event "Moscow Open A 2015"]
[Site "Moscow RUS"]
[Date "2015.02.04"]
[Round "5.116"]
[White "Bolanos Lepere, Ulises"]
[Black "Nuzhdin, Andrey"]
[Result "0-1"]
[WhiteElo "1946"]
[BlackElo "2183"]
[WhiteFideId "5109604"]
[BlackFideId "24130362"]
[EventDate "2015.01.31"]

1. e4 Nc6 2. Nf3 g6 3. c3 d5 4. exd5 Qxd5 5. Be2 e5 6. d3 Bf5 7. O-O O-O-O 8.
Ne1 h5 9. Be3 Bg4 10. Nd2 Bxe2 11. Qxe2 Bg7 12. a4 f5 13. Bg5 Rd7 14. Nc4 h4 15.
h3 Rh5 16. Bc1 Nf6 17. Ne3 Qf7 18. Nc4 Re7 19. b4 Nd5 20. Qc2 e4 21. d4 Nxc3 22.
Qxc3 Bxd4 23. Qc2 Bxa1 24. b5 Re6 25. Qb1 Ne5 26. Ne3 Bd4 27. Nd5 Rd6 28. Nf4
Rh8 29. Ba3 Rd7 30. Nc2 g5 31. Ne2 Bb6 32. Bb2 Re8 33. Qa1 Nc4 34. Bc3 e3 35. a5
exf2+ 36. Kh1 Bc5 37. Ned4 g4 38. Rxf2 gxh3 39. Rxf5 hxg2+ 40. Kxg2 Qg6+ 41. Kh1
h3 42. Qf1 Qg2+ 43. Qxg2 hxg2+ 44. Kxg2 Bxd4 45. Bxd4 Rxd4 46. Nxd4 Ne3+ 47. Kf3
Nxf5 48. Nxf5 Kd7 49. Kf4 Rf8 50. Ke5 Rxf5+ 51. Kxf5 Kd6 0-1

[Event "Moscow Open A 2015"]
[Site "Moscow RUS"]
[Date "2015.02.04"]
[Round "5.117"]
[White "Terekhov, Konstantin"]
[Black "Proleiko, Julian"]
[Result "1/2-1/2"]
[WhiteElo "2178"]
[BlackElo "1981"]
[WhiteFideId "4115856"]
[BlackFideId "30900255"]
[EventDate "2015.01.31"]

1. d4 Nf6 2. c4 c5 3. d5 b5 4. cxb5 a6 5. bxa6 g6 6. Nc3 Bxa6 7. Nf3 d6 8. g3
Bg7 9. Bg2 O-O 10. O-O Nbd7 11. Re1 Ng4 12. Qc2 Qa5 13. Bd2 Rfb8 14. Bh3 Nde5
15. Nd1 Qb6 16. Nxe5 Nxe5 17. Bc3 c4 18. Ne3 h5 19. Qe4 Rf8 20. Kh1 f5 21. Qf4
Bb7 22. Bg2 Rac8 23. Nc2 Ng4 24. Nd4 Bh6 25. Qf3 Ne5 26. Nxf5 Nxf3 27. Nxe7+ Kh7
28. Nxc8 Bxc8 29. exf3 Qc7 30. Re2 Bg7 31. Rae1 Rf7 32. Bb4 Bf5 33. h3 Qb6 34.
a3 Qc7 35. Rc1 Bd3 36. Rd2 Qd7 37. b3 Bf5 38. g4 cxb3 39. gxf5 Qxf5 40. Rdd1 b2
41. Rb1 Rc7 42. Bd2 Qxd5 43. f4 Qb3 44. Be3 Qxa3 45. Kh2 Rc3 46. Re1 Rc7 47. Be4
Rd7 48. Rg1 d5 49. Bxg6+ Kh8 50. Rbd1 d4 51. Be4 Qe7 52. Bf5 Rd5 53. Bb1 Rd8 54.
Bd2 Qe2 55. Bc2 d3 56. Bb1 Qxf2+ 57. Rg2 Qf3 58. Re1 Rc8 59. Re7 Qxg2+ 60. Kxg2
Rc2 61. Re8+ Kh7 62. Re2 Bc3 63. Kf3 Bxd2 64. Rg2 Kh8 65. Ke4 Bxf4 1/2-1/2

[Event "Moscow Open A 2015"]
[Site "Moscow RUS"]
[Date "2015.02.04"]
[Round "5.118"]
[White "Gumirov, Konstantin L"]
[Black "Gkogkas, Dimitrios"]
[Result "1-0"]
[WhiteElo "1988"]
[BlackElo "2175"]
[WhiteFideId "4125061"]
[BlackFideId "4200462"]
[EventDate "2015.01.31"]

1. d4 c5 2. dxc5 Na6 3. g3 Nxc5 4. Bg2 Nf6 5. b4 Na6 6. a3 e6 7. Bb2 Be7 8. g4
Qb6 9. Qd4 Qxd4 10. Bxd4 O-O 11. h3 d6 12. Nc3 e5 13. Be3 Nc7 14. O-O-O Rd8 15.
Nf3 Nd7 1-0

[Event "Moscow Open A 2015"]
[Site "Moscow RUS"]
[Date "2015.02.04"]
[Round "5.119"]
[White "Spirin, Alexandr"]
[Black "Shapfiullin, Ildar"]
[Result "0-1"]
[WhiteElo "1943"]
[BlackElo "2093"]
[WhiteFideId "4187431"]
[BlackFideId "4147146"]
[EventDate "2015.01.31"]

1. Nf3 Nf6 2. b3 c5 3. Bb2 Nc6 4. e3 a6 5. d4 d5 6. Nbd2 Bg4 7. Be2 e6 8. O-O
Be7 9. Ne5 Bf5 10. Ndf3 O-O 11. Nxc6 bxc6 12. Ne5 Qc7 13. Bd3 Bg6 14. Bxg6 hxg6
15. Ba3 Rfc8 16. f4 cxd4 17. Bxe7 Qxe7 18. exd4 c5 19. c4 dxc4 20. bxc4 Qd6 21.
dxc5 Qxc5+ 22. Kh1 Rd8 23. Qe2 Rac8 24. Rab1 Rc7 25. h3 Nh5 26. Kh2 Kh7 27. Qe4
Qd4 28. Qf3 Rdc8 29. Rb7 f6 30. Nf7 Nxf4 31. Rd1 Qc5 32. Nd6 Rxb7 33. Nxb7 Qe5
34. g3 Rxc4 35. Rd2 Nd5 36. Re2 Qc7 37. Rb2 Rc2+ 38. Rxc2 Qxc2+ 39. Qg2 Qc7 40.
Qb2 Ne3 41. Qb3 Qc1 42. g4 Qc7+ 43. Kh1 Qc6+ 0-1

[Event "Moscow Open A 2015"]
[Site "Moscow RUS"]
[Date "2015.02.04"]
[Round "5.120"]
[White "Kruk, Ivan"]
[Black "Kruzhilin, Aleksey"]
[Result "0-1"]
[WhiteElo "1887"]
[BlackElo "2141"]
[WhiteFideId "13903497"]
[BlackFideId "24177547"]
[EventDate "2015.01.31"]

1. e4 e5 2. Nf3 Nc6 3. Nc3 Nf6 4. Bb5 Bb4 5. O-O O-O 6. d3 d6 7. Bg5 Bxc3 8.
bxc3 Ne7 9. Nh4 Ng6 10. Nxg6 fxg6 11. f4 h6 12. fxe5 dxe5 13. Bc4+ Kh7 14. Bh4
g5 15. Bg3 Qe7 16. Rb1 c6 17. h3 b5 18. Bb3 Qc5+ 19. d4 Qxc3 20. Bxe5 Qe3+ 21.
Kh1 g4 22. Qd3 Qxd3 23. cxd3 gxh3 24. Bd6 hxg2+ 25. Kxg2 Re8 26. Bf7 Rd8 27. e5
Nd5 28. Bxd5 cxd5 29. Rxb5 Kg6 30. Kg3 Be6 31. Rb2 Rac8 32. Kh4 Rc3 33. Rg1+ Kh7
34. Rg3 g5+ 35. Kh5 Rc1 36. Rh2 Rf1 37. Be7 Rf4 0-1

[Event "Moscow Open A 2015"]
[Site "Moscow RUS"]
[Date "2015.02.05"]
[Round "6.1"]
[White "Inarkiev, Ernesto"]
[Black "Mamedov, Rauf"]
[Result "1/2-1/2"]
[WhiteTitle "GM"]
[BlackTitle "GM"]
[WhiteElo "2675"]
[BlackElo "2642"]
[WhiteFideId "4162722"]
[BlackFideId "13401653"]
[EventDate "2015.01.31"]

1. d4 Nf6 2. c4 g6 3. Nc3 Bg7 4. e4 d6 5. Nf3 O-O 6. Be2 e5 7. Be3 c6 8. O-O
exd4 9. Bxd4 Re8 10. Qc2 Qe7 11. Rfe1 Nbd7 12. Rad1 b6 13. Nd2 Bb7 14. f4 Nd5
15. Nf3 Bxd4+ 16. Rxd4 Nxf4 17. Qd2 Nxe2+ 18. Rxe2 Rad8 19. Rxd6 Ne5 20. Rxd8
Rxd8 21. Qf4 Qc5+ 22. Kh1 Nxf3 23. gxf3 Ba6 24. b3 Rd3 25. Rd2 Rxc3 26. Rd7 Bxc4
27. bxc4 Qxc4 28. Qb8+ Kg7 29. Qe5+ Kh6 30. Qf4+ Kg7 31. Qe5+ Kh6 32. Qf4+ Kg7
33. Qe5+ Kh6 34. Qf4+ Kg7 35. Qe5+ Kh6 36. Qf4+ Kg7 37. Qe5+ Kh6 38. Qf4+ Kg7
39. Qe5+ Kh6 40. Qf4+ Kg7 1/2-1/2

[Event "Moscow Open A 2015"]
[Site "Moscow RUS"]
[Date "2015.02.05"]
[Round "6.2"]
[White "Nepomniachtchi, Ian"]
[Black "Xiu, Deshun"]
[Result "1-0"]
[WhiteTitle "GM"]
[BlackTitle "GM"]
[WhiteElo "2714"]
[BlackElo "2543"]
[WhiteFideId "4168119"]
[BlackFideId "8603693"]
[EventDate "2015.01.31"]

1. c4 e6 2. Nc3 d5 3. d4 Bb4 4. e3 Nf6 5. a3 Bxc3+ 6. bxc3 c6 7. Bd3 O-O 8. Ne2
Nbd7 9. O-O e5 10. Ng3 Re8 11. f3 Nf8 12. cxd5 cxd5 13. dxe5 Rxe5 14. c4 Ng6 15.
Re1 dxc4 16. Bxc4 Be6 17. Qxd8+ Rxd8 18. Bf1 Rc5 19. Bb2 Rc2 20. Bd4 b6 21. a4
Ne7 22. a5 bxa5 23. Rxa5 Nc6 24. Bxf6 gxf6 25. Ra6 Bc8 26. Ra3 a5 27. Nh5 f5 28.
Bb5 Rdd2 29. Nf4 Ne5 30. Re2 Rxe2 31. Nxe2 Bd7 32. Bxd7 Nxd7 33. Nd4 Rc5 34. Kf2
Nb6 35. Rb3 Nd7 36. Rb7 Nf6 37. Ra7 Rd5 38. Nb3 Rd3 39. Nd4 Rd2+ 40. Kg3 f4+ 41.
Kxf4 Nd5+ 42. Ke4 Nc3+ 43. Ke5 h5 44. Rxa5 Rxg2 45. h4 Rh2 46. Kf6 Rxh4 47. Rg5+
Kh7 48. Kxf7 Rh3 49. Rg7+ Kh8 50. Rg6 1-0

[Event "Moscow Open A 2015"]
[Site "Moscow RUS"]
[Date "2015.02.05"]
[Round "6.3"]
[White "Grachev, Boris"]
[Black "Vallejo Pons, Francisco"]
[Result "1/2-1/2"]
[WhiteTitle "GM"]
[BlackTitle "GM"]
[WhiteElo "2670"]
[BlackElo "2706"]
[WhiteFideId "4129199"]
[BlackFideId "2205530"]
[EventDate "2015.01.31"]

1. d4 Nf6 2. c4 e6 3. Nc3 Bb4 4. Qc2 O-O 5. Nf3 c5 6. dxc5 Na6 7. g3 Nxc5 8. Bg2
b6 9. O-O Bb7 10. Nb5 Be4 11. Qd1 Nb7 12. a3 Be7 13. Bf4 a6 14. Nc3 Bc6 15. b4
a5 16. Qb3 Ne4 17. Nxe4 Bxe4 18. Rfd1 Bf6 19. Rac1 axb4 20. axb4 Bc6 21. Qe3 Bb2
22. Rb1 Ra3 23. Rd3 Rxd3 24. exd3 Bf6 25. b5 Bxf3 26. Qxf3 Na5 27. Bd6 Be7 28.
Qf4 g5 29. Qd4 Re8 30. Bf3 Bxd6 31. Qxd6 Kg7 32. Be4 f5 33. Bg2 Kf6 34. Re1 Nb3
35. Rb1 Na5 36. Re1 Nb3 37. h3 Qb8 38. Qxd7 Re7 39. Qc6 Nd4 40. Qa8 Qxa8 41.
Bxa8 Ra7 42. Bg2 Ra3 43. c5 bxc5 44. b6 Rb3 45. b7 g4 1/2-1/2

[Event "Moscow Open A 2015"]
[Site "Moscow RUS"]
[Date "2015.02.05"]
[Round "6.4"]
[White "Kharchenko, Boris"]
[Black "Fedoseev, Vladimir3"]
[Result "1/2-1/2"]
[WhiteTitle "GM"]
[BlackTitle "GM"]
[WhiteElo "2483"]
[BlackElo "2668"]
[WhiteFideId "14113210"]
[BlackFideId "24130737"]
[EventDate "2015.01.31"]

1. e4 e5 2. Nf3 Nc6 3. Bb5 a6 4. Ba4 Nf6 5. O-O Be7 6. Re1 b5 7. Bb3 O-O 8. a4
Bb7 9. d3 d6 10. Nbd2 Nb8 11. axb5 axb5 12. Rxa8 Bxa8 13. c3 c5 14. Nf1 Qc7 15.
Bg5 h6 16. Bxf6 Bxf6 17. Ne3 Nd7 18. Bd5 Rb8 19. Qb3 Bxd5 20. Nxd5 Qa7 21. g3
Bd8 22. Nd2 Qa6 23. Qc2 Nb6 24. Nxb6 Bxb6 25. Qb3 Bc7 26. Kg2 Kf8 27. Qd5 Qa8
28. Qxa8 Rxa8 29. Nf1 Ra2 30. Rb1 g6 31. Ne3 Ke7 32. f4 Bd8 33. Kf3 Kd7 34. fxe5
dxe5 35. Ng4 h5 36. Nxe5+ Ke6 37. Nc6 Bb6 38. d4 Kd6 39. d5 f5 40. h4 Bc7 41.
e5+ Kxd5 42. Ne7+ Kxe5 43. Re1+ Kd6 44. Re2 Ra6 45. Nxg6 Kd5 46. Nf4+ Kc4 47.
Nxh5 Kb3 48. Nf4 Rh6 49. Nd3 Bd6 50. Nc1+ Kc4 51. Re3 Rg6 52. b3+ Kd5 53. Rd3+
Kc6 54. Ne2 Rg8 55. c4 bxc4 56. bxc4 Rg4 57. Rd5 Bxg3 58. Nxg3 Rxh4 59. Rxf5
Rxc4 1/2-1/2

[Event "Moscow Open A 2015"]
[Site "Moscow RUS"]
[Date "2015.02.05"]
[Round "6.5"]
[White "Petrosian, Tigran L."]
[Black "Matinian, Nikita"]
[Result "1-0"]
[WhiteTitle "GM"]
[BlackTitle "IM"]
[WhiteElo "2663"]
[BlackElo "2475"]
[WhiteFideId "13301616"]
[BlackFideId "24129100"]
[EventDate "2015.01.31"]

1. b3 Nf6 2. Bb2 g6 3. e4 d6 4. f4 Bg7 5. Nf3 O-O 6. d3 e5 7. fxe5 Ng4 8. Nc3
dxe5 9. h3 Ne3 10. Qd2 Nxf1 11. Rxf1 Nc6 12. O-O-O a5 13. Kb1 Nd4 14. a4 Bd7 15.
Qf2 c5 16. g4 b5 17. axb5 Rb8 18. Qh4 Qxh4 19. Nxh4 Bxb5 20. Nf3 Rb7 21. Nd2 Ra8
22. Nxb5 Nxb5 23. c4 Nd4 24. Bxd4 exd4 25. Kc2 Bh6 26. Nf3 a4 27. bxa4 Rxa4 28.
Ra1 Rba7 29. Rxa4 Rxa4 30. Ne5 Ra7 31. Rb1 Bf4 32. Nc6 Ra2+ 33. Rb2 Ra1 34. Rb1
Ra2+ 35. Rb2 Ra1 36. Rb5 Ra2+ 37. Kb1 Rd2 38. Rxc5 Rxd3 39. Rd5 Rxh3 40. Nxd4
Rc3 1-0

[Event "Moscow Open A 2015"]
[Site "Moscow RUS"]
[Date "2015.02.05"]
[Round "6.6"]
[White "Kuderinov, Kirill"]
[Black "Artemiev, Vladislav"]
[Result "0-1"]
[WhiteTitle "IM"]
[BlackTitle "GM"]
[WhiteElo "2452"]
[BlackElo "2659"]
[WhiteFideId "13701568"]
[BlackFideId "24101605"]
[EventDate "2015.01.31"]

1. e4 c5 2. Nf3 d6 3. Bb5+ Nd7 4. O-O a6 5. Bxd7+ Bxd7 6. c4 Nf6 7. Nc3 g6 8. d4
cxd4 9. Nxd4 Bg7 10. b3 Qa5 11. Bb2 O-O 12. Re1 Rfe8 13. a3 Rac8 14. Rc1 b5 15.
b4 Qb6 16. e5 Rxc4 17. exf6 Rxd4 18. Qc2 exf6 19. Rxe8+ Bxe8 20. Qe2 Qd8 21. Ne4
Rd5 22. Qf3 Rf5 23. Qd3 d5 24. Nc5 Qd6 25. Bd4 Bh6 26. Re1 Bd7 27. g3 Bf8 28.
Qc3 Kg7 29. Kg2 h5 30. h4 Qc6 31. f4 Bd6 32. Re3 Kg8 33. Nxd7 Qxd7 34. Bxf6 d4
35. Bxd4 Bxf4 36. gxf4 Rxf4 37. Be5 Qg4+ 38. Rg3 Qe2+ 39. Kh1 Rf1+ 40. Rg1 Qe4+
41. Kh2 0-1

[Event "Moscow Open A 2015"]
[Site "Moscow RUS"]
[Date "2015.02.05"]
[Round "6.7"]
[White "Iljushin, Alexei"]
[Black "Bukavshin, Ivan"]
[Result "1/2-1/2"]
[WhiteTitle "GM"]
[BlackTitle "GM"]
[WhiteElo "2515"]
[BlackElo "2622"]
[WhiteFideId "4122178"]
[BlackFideId "4199758"]
[EventDate "2015.01.31"]

1. d4 Nf6 2. c4 e6 3. g3 c5 4. d5 exd5 5. cxd5 d6 6. Nc3 g6 7. Bg2 Bg7 8. Nf3
O-O 9. O-O Re8 10. Bf4 Ne4 11. Rc1 Nxc3 12. bxc3 b5 13. Qd2 a5 14. Rfe1 b4 15.
h4 Ra7 16. e4 f6 17. Qc2 Qe7 18. a3 bxa3 19. Ra1 Nd7 20. Rxa3 h6 21. c4 Nb6 22.
Rb1 Ra6 23. Nd2 g5 24. Be3 gxh4 25. Bf4 h3 26. Bf1 Qf8 27. Kh2 f5 28. Bxh3 fxe4
29. Bxc8 Nxc8 30. Nxe4 Qf5 31. Nd2 Qf8 32. Ne4 Qf5 33. Re1 Rf8 34. Qd2 a4 35.
Kg2 Qg6 36. Nc3 Kh7 37. Re6 Rf6 38. Rxf6 Bxf6 39. Qe2 Bxc3 40. Rxc3 a3 41. Rc2
Ra7 42. Bc1 Re7 43. Qd2 Ra7 44. Ra2 h5 45. Rxa3 Rxa3 46. Bxa3 Qe4+ 47. f3 Qxc4
48. Bc1 Ne7 49. Qh6+ Kg8 50. Qe6+ Kf8 51. Bf4 Qxd5 52. Qxd5 Nxd5 53. Bxd6+ Kf7
54. Bxc5 Kg6 55. Kf2 Kf5 56. Ke2 Nc7 57. Kd3 Ne6 58. Be3 Ng7 59. Kd4 Kg6 60. Ke5
Nf5 61. Kf4 h4 62. gxh4 1/2-1/2

[Event "Moscow Open A 2015"]
[Site "Moscow RUS"]
[Date "2015.02.05"]
[Round "6.8"]
[White "Makhmutov, Rail"]
[Black "Volkov, Sergey"]
[Result "0-1"]
[WhiteTitle "FM"]
[BlackTitle "GM"]
[WhiteElo "2428"]
[BlackElo "2618"]
[WhiteFideId "4122151"]
[BlackFideId "4122763"]
[EventDate "2015.01.31"]

1. d4 d5 2. c4 c6 3. Nc3 Nf6 4. e3 a6 5. Qc2 g6 6. Bd3 Bg7 7. Nf3 Bg4 8. Ne5 Be6
9. Bd2 Nbd7 10. Nxd7 Qxd7 11. cxd5 Bxd5 12. Nxd5 cxd5 13. O-O O-O 14. Rfc1 Rfc8
15. Qb3 e6 16. Qd1 Bf8 17. Rxc8 Rxc8 18. Rc1 Ne4 19. Rxc8 Qxc8 20. Be1 f5 21. f3
Nd6 22. b3 Bh6 23. Bd2 Qc6 24. g3 Kf7 25. Kf2 Ke8 26. Qe1 Bg7 27. Ke2 Bf6 28.
Kf1 h5 29. Qf2 Be7 30. h3 Kd7 31. Qg2 Qc8 32. Qf2 Qh8 33. Kg2 g5 34. Qe2 h4 35.
g4 fxg4 36. fxg4 e5 37. Qf2 e4 38. Bf1 Qc8 39. Bb4 Qc6 40. Bc5 Kd8 41. Be2 Ke8
42. Kf1 Nf7 43. Bxe7 Kxe7 44. Qh2 Qc1+ 45. Kf2 Kf6 46. Qb8 Qh1 47. Qxb7 Qh2+ 48.
Ke1 Qxh3 49. Kd2 Qg2 50. Qxd5 h3 51. Qf5+ Kg7 52. Qf1 Nh6 53. d5 Nxg4 54. d6 Qg3
55. Bxg4 Qxg4 56. Qa1+ Kf7 57. Qh8 Qf5 58. Ke1 g4 59. Qh4 Kg6 60. Qh8 Qa5+ 61.
Kf1 Qd5 62. Qh4 Qd1+ 63. Kf2 Qf3+ 64. Ke1 Qxe3+ 65. Kf1 Qd3+ 66. Ke1 Qe3+ 67.
Kf1 Qf4+ 68. Ke1 h2 69. d7 Qc1+ 70. Ke2 Qc2+ 71. Ke1 Qb1+ 72. Ke2 Qxa2+ 73. Ke3
Qxb3+ 74. Kxe4 Qe6+ 75. Kf4 Qxd7 76. Qh8 Qf5+ 77. Ke3 Qf3+ 0-1

[Event "Moscow Open A 2015"]
[Site "Moscow RUS"]
[Date "2015.02.05"]
[Round "6.9"]
[White "Zakhartsov, Vladimir"]
[Black "Gabrielian, Artur"]
[Result "1/2-1/2"]
[WhiteTitle "IM"]
[BlackTitle "GM"]
[WhiteElo "2421"]
[BlackElo "2554"]
[WhiteFideId "4145097"]
[BlackFideId "4131002"]
[EventDate "2015.01.31"]

1. e4 e5 2. Nf3 Nc6 3. Bb5 a6 4. Ba4 Nf6 5. O-O Be7 6. Bxc6 dxc6 7. d3 Nd7 8. b3
O-O 9. Bb2 Bd6 10. Nbd2 c5 11. Nc4 Re8 12. Nxd6 cxd6 13. Nd2 f6 14. f4 exf4 15.
Rxf4 Ne5 16. Qh5 Ng6 17. Rf2 Be6 18. c4 Qd7 19. h3 Ne5 20. Qe2 b5 21. Nf1 bxc4
22. bxc4 Rab8 23. Bc3 Rb7 24. Ne3 Reb8 25. Qc2 Qe8 26. Nd5 Bxd5 27. cxd5 h6 28.
Rff1 Qb5 29. Bxe5 fxe5 30. Qe2 Kh7 31. Kh2 Qe8 32. Rf2 Qg6 33. Raf1 Qg5 34. Rf5
Qg6 35. R5f2 Qg5 36. Rf5 Qg6 37. R5f2 1/2-1/2

[Event "Moscow Open A 2015"]
[Site "Moscow RUS"]
[Date "2015.02.05"]
[Round "6.10"]
[White "Pridorozhni, Aleksei"]
[Black "Oganian, Miran"]
[Result "1-0"]
[WhiteTitle "GM"]
[BlackTitle "FM"]
[WhiteElo "2545"]
[BlackElo "2347"]
[WhiteFideId "4127870"]
[BlackFideId "4122488"]
[EventDate "2015.01.31"]

1. e4 c5 2. Nf3 Nc6 3. Bb5 d6 4. Bxc6+ bxc6 5. O-O Bg4 6. h3 Bh5 7. e5 e6 8.
exd6 Bxd6 9. d3 Ne7 10. Nbd2 O-O 11. Qe2 Nd5 12. Ne4 Nb4 13. g4 Bg6 14. a3 Nd5
15. Nxd6 Qxd6 16. Ne5 f6 17. Nc4 Qe7 18. f4 Rfe8 19. Be3 e5 20. f5 Bf7 21. Nd2
Rad8 22. Rae1 a5 23. a4 Nxe3 24. Qxe3 c4 25. Nxc4 Bxc4 26. dxc4 Rd4 27. Qxd4
exd4 28. Rxe7 Rxe7 29. Kf2 Kf7 30. Rd1 c5 31. Rd3 Rb7 32. b3 Ke7 33. Kf3 Kd6 34.
Kf4 Kc6 35. h4 Re7 36. c3 dxc3 37. Rxc3 Re1 38. Rf3 h6 39. g5 h5 40. gxf6 gxf6
41. Rg3 Rf1+ 42. Ke4 Re1+ 43. Kd3 Rf1 44. Rg6 Rxf5 45. Ke4 Rf1 46. Rh6 Kd6 47.
Rxh5 Ke6 48. Rxc5 f5+ 49. Ke3 Rh1 50. Rxa5 Rh3+ 51. Kf4 Rxh4+ 52. Kg3 Re4 53.
Rb5 Re3+ 54. Kf4 Re4+ 55. Kf3 Rh4 56. a5 Rh2 57. Kf4 Rf2+ 58. Ke3 Ra2 59. b4 Rc2
60. a6 1-0